• 首页
  • 本馆介绍
  • 公告通知
  • 最新文献
  • 馆藏检索
  • 电子资源
  • 读者导购
  • 参考咨询
  • 我的图书馆
  • 登录
  • 详细信息显示
  • 放入我的书架
  • 预约/预借图书
  • 作者相关作品
  • 分类相关作品
  • 丛书相关作品
  • 出版社相关作品

书目信息

  • 表格格式
  • 工作单格式
  • 卡片格式
题名:
格论
    
 
作者: 中山正 著 ;董克诚 译
分册:  
出版信息: 上海   上海科学技术出版社  1964
页数: 144页
开本: 20cm
丛书名:
单 册:
中图分类: O186.14
科图分类:
主题词: 几何 , 拓扑
电子资源:
ISBN:
000 00738nam0 2200253 450
001 0531699458
005 20051201085420.57
010    @dCNY0.75
091    @a13119.614
100    @a20051201d1964 km y0chiy0120 ea
101 0  @achi
102    @aCN@b310000
200 1  @a格论@Age lun@e格的代数理论@f(日)中山正著@F(ri)zhong shan zheng zhu@g董克诚译@Gdong ke cheng yi
210    @a上海@c上海科学技术出版社@d1964
215 1  @a144页@d20cm
300    @a附:代数系的理论——正田建次郎著
517 1  @a格的代数理论@Age de dai shu li lun
606 0  @a几何
606 0  @a拓扑
690    @aO186.14@v4
701  0 @a中山正@Azhong shan zheng@4著
702  0 @a董克诚@Adong ke cheng@4译
801  0 @aCN@bPFT@c20051201
905    @a10447@dO186.14@e3
    
    格论:格的代数理论/(日)中山正著/董克诚译.-上海:上海科学技术出版社,1964
    144页;20cm
    附:代数系的理论——正田建次郎著
    
    ISBN :CNY0.75
    
●
相关链接 在E读中查询图书 在五车中查询图书 在当当中查询图书 在豆瓣中查询图书


正题名:格论     索取号:O186.14/3         预约/预借

序号 登录号 条形码 馆藏地/架位号 状态 备注
1 0006602   000405706   第二样本阅览室/ [索取号:O186.14/3] 在馆    
2 0006603   202149727   密集书库/ [索取号:O186.14/3] 在馆    
3 0006604   202149781   密集书库/ [索取号:O186.14/3] 在馆    
4 0521656   205216568   密集书库/ [索取号:O186.14/3] 在馆    
唐山师范学院图书馆 欢迎您!
大连网信软件有限公司© 版权所有